000 01104cam a22002771 4500
001 e 42000090
003 DLC
005 20260227111230.0
008 770523s1938 dcu f100 0 eng c
010 _ae 42000090
035 _a(OCoLC)2987000
040 _aU.S. Office of Education
_cICarbS
_dDLC
042 _apremarc
043 _an-usm--
_an-usc--
_an-us-ny
050 0 0 _aLB1205
_b.A78
110 2 _aAssociation for Childhood Education.
_bCommittee of nineteen.
245 1 0 _aHistory of the kindergarten movement in the mid-western states and in New York.
_bPresented at the Cincinnati convention, Association for childhood education, April 19-23, 1938.
260 _a[Washington,
_c1938]
300 _a1 p. l., 5-78 p.
_c23 cm.
500 _aLucy Wheelock, chairman.
500 _aSecond of a series of four bulletins prepared by the Committee of nineteen on the history of the kindergarten in the United States.
650 0 _aKindergarten
_xHistory.
650 0 _aEducation
_zWest (U.S.)
_xHistory.
650 0 _aEducation
_zNew York (State)
_xHistory.
700 1 _aWheelock, Lucy,
_d1859-
999 _c21853
_d21853